Nilamorukkam yanthrangalupayogichu (Record no. 75505)

MARC details
000 -LEADER
fixed length control field 00226nam a22000977a 4500
100 ## - MAIN ENTRY--AUTHOR NAME
Personal name Joseph, P.
245 ## - TITLE STATEMENT
Title Nilamorukkam yanthrangalupayogichu
260 ## - PUBLICATION, DISTRIBUTION, ETC. (IMPRINT)
Name of publisher Rubber, 707(April): 6-10.
Year of publication 2025
300 ## - PHYSICAL DESCRIPTION
Other physical details Malayalam
942 ## - ADDED ENTRY ELEMENTS (KOHA)
Koha item type Journals
Holdings
Withdrawn status Lost status Damaged status Not for loan Home library Current library Date acquired Koha item type
        RRII Library RRII Library 03/06/2025 Journals